Normal view
MARC view
Entry Personal Name
001 - CONTROL NUMBER
- control field: 25879
003 - CONTROL NUMBER IDENTIFIER
- control field:
005 - DATE AND TIME OF LATEST TRANSACTION
- control field: 20250905072837.0
008 - FIXED-LENGTH DATA ELEMENTS
- fixed length control field: 250905|| aca||aabn | a|a d
040 ## - CATALOGING SOURCE
- Original cataloging agency:
- Transcribing agency:
100 ## - HEADING--PERSONAL NAME
- Personal name: POPKIN, RICHARD H
670 ## - SOURCE DATA FOUND
- Source citation: Work cat.: ()55: STROLL, AVRUM 151, INTRODUCTION TO PHILOSOPHY/, 1979.